banner koha

Estudos integrados do potencial de recursos naturais do estado de Mato Grosso do Sul (Registro n. 321592)

MARC details
000 -LÍDER
campo de controle de tamanho fixo 01052naa a22002657a 4500
001 - NÚMERO DE CONTROLE
campo de controle BR9101929
003 - IDENTIFICADOR DO NÚMERO DE CONTROLE
campo de controle BR-BrBNA
005 - DATA E HORÁRIO DA ÚLTIMA TRANSAÇÃO
campo de controle 20240918180653.0
007 - CAMPO FIXO DE DESCRIÇÃO FÍSICA--INFORMAÇÃO GERAL
campo de controle de tamanho fixo ta
008 - CAMPO DE DADOS FIXOS--INFORMAÇÃO GERAL
campo de controle de tamanho fixo 230509b bl.||||| |||| 00| 0 por d
040 ## - FONTE DA CATALOGAÇÃO
Instituição da catalogação original BR-BrBNA
Idioma da catalogação por
Instituição que transcreveu o registro Biblioteca Nacional de Agricultura
041 ## - CÓDIGO DE IDIOMA
Código do idioma do texto/trilha sonora ou título diferente (Pt)
072 ## - CÓDIGO DE CATEGORIA DE ASSUNTO
Código de Categoria de Assunto P10
Código do objeto /G514
090 ## - NÚMERO DE CHAMADA LOCAL
Número de chamada P10 BR9101929
110 1# - ENTRADA PRINCIPAL--NOME CORPORATIVO
Nome corporativo ou nome da jurisdição Fundacao Instituto de Apoio ao Planejamento do Estado, Campo Grande, MS (Brasil). Coordenadoria de Geografia e Cartografia
245 1# - TÍTULO
Título Estudos integrados do potencial de recursos naturais do estado de Mato Grosso do Sul
260 3# - PUBLICAÇÃO, DISTRIBUIÇÃO, ETC.
Local de publicação, distribuição, etc. Campo Grande, MS (Brasil):
Data da publicação, distribuição, etc. 1989.
500 ## - NOTA GERAL
Nota geral Atualizacao em fertilidade do solo; curso 2 - v. 1<br/>Campo Grande, MS (Brasil): 1989. p. 9-106<br/>(BR9101929-AM)P10<br/>
650 ## - ASSUNTO--TERMO TÓPICO
Cabeçalho tópico ou nome geográfico RECURSO DO SOLO
650 ## - ASSUNTO--TERMO TÓPICO
Cabeçalho tópico ou nome geográfico RECURSO HIDRICO
650 ## - ASSUNTO--TERMO TÓPICO
Cabeçalho tópico ou nome geográfico MATO GROSSO DO SUL
773 0# - ENTRADA ANALÍTICA
Título Atualizacao em fertilidade do solo; curso 2 - v. 1
Número de controle do registro P10 BR9101929
Partes relacionadas Campo Grande, MS (Brasil), 1989. p. 9-106
909 ## -
-- 202404
-- Lucia
-- 55
-- Lucia Elande
942 ## - ELEMENTOS DE ENTRADA ADICIONADOS (KOHA)
Tipo de material Koha Capítulo-Livro
Fonte da classificação ou esquema de arquivamento na estante Classificação AGRIS
Exemplares
Situação do descarte Fonte da classificação ou esquema de arquivamento na estante Situação física Não pode ser emprestado Coleção Biblioteca de origem Biblioteca atual Localização na estante Total de empréstimos Data de último acesso Número do exemplar Tipo de material Koha Situação das perdas Data de aquisição Fonte de aquisição
  Classificação AGRIS       Biblioteca Nacional de Agricultura - Binagri Biblioteca Nacional de Agricultura - Binagri Agrobase - Acervo Geral   20/05/2024 01 Capítulo-Livro   2024-04-11 Portaria Interministerial nº 164/94

BINAGRI

Telefone: (61)3218-2567/2388/3357/2097 - binagri@agro.gov.br

Ministério da Agricultura e Pecuária , Esplanada dos Ministérios, Bloco D, Anexo B, Brasília/DF, CEP: 70.043-900